The Practitioner-Researcher : Developing Theory from Practice

Bibliographic Details
Main Author: Jarvis, Peter
Format: Book
Language:English
Published: San Francisco : Jossey-Bass Wiley , c1999
Series:The Jossey-Bass higher and adult education series
Subjects:

MARC

LEADER 00000cam a2200000 7i4500
001 0000010314
005 20230524.0
008 030509 cau eng
020 |a 0787938807 (hbk) 
040 |a INS 
090 0 0 |a Q180.55.M4   |b .J37 1999 
100 1 |a Jarvis, Peter 
245 1 4 |a The Practitioner-Researcher :   |b Developing Theory from Practice   |c Peter Jarvis 
260 |a San Francisco :   |b Jossey-Bass Wiley ,   |c c1999 
300 |a xvi, 199 p. :   |b ill. ;   |c 24 cm. 
440 4 |a The Jossey-Bass higher and adult education series 
504 |a Includes bibliographical references and index 
650 0 |a Research   |x Management 
650 0 |a Research   |x Methology 
999 |a 0000008392   |b BOOK   |c Open Shelf   |e Default branch